| 000 | 00000nas##2200000za#4500 |
| 001 | 9.515717 |
| 003 | CaOODSP |
| 005 | 20200331215759 |
| 007 | ta |
| 008 | 150406c1997||||xxc|| p #||||f| |0eng|d |
| 022 | |a1483-1546 |
| 040 | |aCaOODSP|beng |
| 043 | |an-cn--- |
| 086 | 1 |aIu61-3E |
| 110 | 1 |aCanada. |bIndustry Canada. |
| 245 | 10|aPrime Minister's Awards for Teaching Excellence. Guidelines and nomination form |
| 260 | |aOttawa - Ontario : |bIndustry Canada |
| 310 | |aAnnual |
| 362 | 1 |a1997-- |
| 520 | 3 |aRecognizes the efforts of outstanding teachers in all disciplines who instill in their students a love of learning, helping them excel and build a successful future. |
| 775 | 08|tPrix du Premier ministre pour l'excellence dans l'enseignement. Lignes directrices et formulaire de mise en candidature |w(CaOODSP)9.514040 |
| 776 | 0#|tPrime Minister's awards for teaching excellence. |w(CaOODSP)9.506114 |